| 000 | 00660nmc a2200253 a 4500 | ||
|---|---|---|---|
| 003 | AR-BaBNM | ||
| 005 | 20251128211130.0 | ||
| 008 | 092120s1977 ||||||||||||||000 | spa|| | ||
| 040 | _cAR-BaBNM | ||
| 100 | 1 | _aHemingway, Ernest | |
| 245 | 1 | 0 | _aHombres sin mujeres |
| 260 |
_aBuenos Aires _bEdiciones Librerias Fausto _c1977 |
||
| 300 | 0 | _a168 p. | |
| 490 | 0 | _aBiblioteca de cuento y novela | |
| 650 | 4 | _aLITERATURA ESTADOUNIDENSE | |
| 650 | 4 | _aLITERATURA CONTEMPORANEA | |
| 650 | 4 | _aANTOLOGIAS | |
| 650 | 4 | _aESCRITORES | |
| 653 | 0 | _aNARRATIVA | |
| 655 | _aLITERATURA | ||
| 700 | 1 |
_aPiglia, Ricardo _etraductor |
|
| 942 | _cBK | ||
| 998 | _cmartin | ||
| 999 |
_c18379 _d18379 |
||